=LDR 00000nam 2200000 4500 =001 INLIS000000000021226 =005 20130612120113 =008 ***********************************Ind** =035 ##$$0010-061300000021226 =041 ##$$a Ind =082 ##$$a 371.39 =090 ##$$a 371.39, Hai m =100 ##$$a Hainstock, Elizabeth G =245 ##$$a Montessori untuk sekolah dasar, Panduan sistematis, praktis =260 ##$$a 2002 $b Jakarta =300 ##$$a xii, 183 hlm, ilus, 21 cm =650 ##$$a Pendidikan =850 ##$$a NBPNMAT =990 ##$$a 21400613/BPAP-NTB/20142014 =990 ##$$a 0001/BPAP-NTB/2015 =990 ##$$a 32573257 =990 ##$$a 10406909 =990 ##$$a 21400613/BPAP-NTB/20142014 =990 ##$$a 0001/BPAP-NTB/2015